Rules of business 1973 (Record no. 612453)

000 -LEADER
fixed length control field 00275nam a22001097a 4500
040 ## - CATALOGING SOURCE
Transcribing agency Nust
082 ## - DEWEY DECIMAL CLASSIFICATION NUMBER
Classification number 351.1
Author Mark RULE
245 ## - TITLE STATEMENT
Title Rules of business 1973
260 ## - PUBLICATION, DISTRIBUTION, ETC.
Place of publication, distribution, etc. Lahore:
Name of publisher, distributor, etc. Pakistan service law Publication,
650 ## - SUBJECT ADDED ENTRY--TOPICAL TERM
Topical term or geographic name entry element Rules of business 1973
9 (RLIN) 127256
942 ## - ADDED ENTRY ELEMENTS (KOHA)
Source of classification or shelving scheme
Koha item type Book
Holdings
Withdrawn status Lost status Source of classification or shelving scheme Damaged status Not for loan Permanent Location Current Location Shelving location Date acquired Total Checkouts Full call number Barcode Date last seen Price effective from Koha item type
          College of Electrical & Mechanical Engineering (CEME) College of Electrical & Mechanical Engineering (CEME) General Stacks 12/30/2024   351.1 RULE CEME- 30027 12/30/2024 12/30/2024 Book
© 2023 Central Library, National University of Sciences and Technology. All Rights Reserved.